Normal view
MARC view
Entry Personal Name
001 - CONTROL NUMBER
- control field: 17398
003 - CONTROL NUMBER IDENTIFIER
- control field: BD-RjUL
005 - DATE AND TIME OF LATEST TRANSACTION
- control field: 20251126144941.0
008 - FIXED-LENGTH DATA ELEMENTS
- fixed length control field: 251126|| aca||aabn | a|a d
040 ## - CATALOGING SOURCE
- Original cataloging agency: BD-RjUL
- Transcribing agency: BD-RjUL
100 ## - HEADING--PERSONAL NAME
- Personal name: Miller, Frank Justus (Editor, Translator)
670 ## - SOURCE DATA FOUND
- Source citation: Work cat.: (BD-RjUL)86003: Ovid (Author) 17395, Ovid : , 1921, [reprinted 1951]